000 00449cam a2200181ua 4500
001 2432
008 110816n ii |||gr||||Z||||||asm
040 _cMAIN
082 _a398.054162
100 1 _aBaruah, Birinchi Kr.,
245 1 _aAsamar loka sanskriti
_cby Birinchi kr. Baruah
250 _a8th.
260 _aGuahati:
_bBina Library,
_c2005.
300 _a319p:
_bill;
_c23cm.
653 _aFolklore
653 _aAssamese culture
942 _cBK
999 _c2289
_d2289